| 000 | 00670nam a2200157 4500 | ||
|---|---|---|---|
| 999 |
_c14474 _d14474 |
||
| 008 | 190927b ||||| |||| 00| 0 eng d | ||
| 022 | _a00223514 | ||
| 082 | _aDPer 302.05 J82 July-Sept 2016 v. 111, n. 1-3. | ||
| 100 |
_939977 _aConroy-Beam, Daniel. |
||
| 245 |
_aDo mate preferences influence actual mating decisions? evidence from computer simulations and three studies of mated couples/ _cDaniel Conroy-Beam and David M. Buss. |
||
| 260 |
_aWashington DC: _bAmerican Psychological Association, _c©2016. |
||
| 300 |
_av111 n1, pages 53-66: _billustrations; _c27 cm. |
||
| 650 |
_aMan-woman relationship. _940826 |
||
| 700 |
_939978 _aBuss, David M. |
||
| 942 |
_2ddc _cPER |
||